000 00479nam a2200157 4500
001 122410
003 ES-MaACL
005 20230906191955.0
007 t|
008 070214s1903 sp r ||||1| spa d
100 1 _aPoyatos y Atance, Victoriano.
_993518
245 1 0 _aLiteratura preceptiva
_b: (retórica y poética) /
_cVictoriano Poyatos y Atance.
260 _aCuenca :
_b[s.n.],
_c1903 (
_fImp. Celedonio León)
300 _a342 p. ;
_c20 cm.
852 _aES-MaACL
_jD-1351
999 _c122410
_d122410